000
00321nam a2200109Ia 4500
008
200302s9999 xx 000 0 und d
100
_a
Joseph De Chiara & Others
245
_a
Standards for interior Design and Space Planning 2nd ed.,
260
_b
Mcgraw- hill International Book co.,
260
_c
2001
300
_a
1689 P.,
999
_c
5063
_d
5063